| 000 | 00354nam a2200121 a 4500 | ||
|---|---|---|---|
| 005 | 20140414132100.0 | ||
| 008 | 100717s19uu xx 00 eng d | ||
| 050 |
_aER _bP629 2004 |
||
| 100 | _aWillems, Mo | ||
| 245 |
_aThe pigeon finds a hot dog. / _cwordds and pictures by Mo Willems. |
||
| 260 |
_aNew York : _bScholastic Inc, _c2004. |
||
| 999 |
_c114438 _d114438 |
||